00712nam a22001577a 4500999001900000020001600019082000800035100001900043245018900062260003300251300002700284942001300311650002300324700003200347952017500379 c532912d532912 qHard Cover. a658 aKhalid, Rabiya aTo Study the Impact of Pablicity of Raids by Punjab Food Authority on the Brand Image of Loved food Brands with Customers:bA Study of Fast Food Chains in Twin Cities /cRabiya Khalid. aIslamabad:bNBS-NUST,c2016. a75 p. :bill. ;c30cm. 2ddccTHE aMBA-Thesis.917629 aBilal Ahmad Chauhan.926526 00102ddc40709492485aCLbCLcTHEd2019-12-05o658pCL-T-3607r2019-12-05w2019-12-05xMinute Sheet No. 0929/02/CL/Survey/5 dated 23rd April 2024 E-MIN ID 114741 yTHE